LIBRARY ONLINE CATALOGUE

Basic marketing research. (Record no. 5725)

MARC details
000 -LEADER
fixed length control field 00605cam a22002172 4500
001 - CONTROL NUMBER
control field 0000002237
005 - DATE AND TIME OF LATEST TRANSACTION
control field 20151217151845.0
008 - FIXED-LENGTH DATA ELEMENTS--GENERAL INFORMATION
fixed length control field 070405s xx 000 0 eng d
020 ## - INTERNATIONAL STANDARD BOOK NUMBER
International Standard Book Number 0030540178 :
Terms of availability KES 600
040 ## - CATALOGING SOURCE
Original cataloging agency KABU
Transcribing agency KABU
050 #0 - LIBRARY OF CONGRESS CALL NUMBER
Classification number HF5415.2
Item number .C48 1992
100 1# - MAIN ENTRY--PERSONAL NAME
Personal name Churchill, Gilbert A.
-- 0000151416
245 10 - TITLE STATEMENT
Title Basic marketing research.
250 ## - EDITION STATEMENT
Edition statement 2nd ed.
260 ## - PUBLICATION, DISTRIBUTION, ETC. (IMPRINT)
Place of publication, distribution, etc. London :
Name of publisher, distributor, etc. Dryden Press,
Date of publication, distribution, etc. 1992.
300 ## - PHYSICAL DESCRIPTION
Extent xxi, 837 p.
650 #0 - SUBJECT ADDED ENTRY--TOPICAL TERM
Topical term or geographic name as entry element Marketing research.
-- 0000151518
908 ## - PUT COMMAND PARAMETER (RLIN)
Put command parameter 070405
950 ## - LOCAL HOLDINGS (RLIN)
-- 1
Holdings
Withdrawn status Lost status Source of classification or shelving scheme Not for loan Home library Current library Date acquired Total Checkouts Full call number Barcode Date last seen Price effective from Koha item type
    Library of Congress Classification   Kabarak, Main Campus Kabarak, Main Campus 17/12/2015   HF5415.2 .C48 1992 002433 17/12/2015 17/12/2015 General Collection